Experimental study on nonlinear optical properties of metal clusters series /
Saved in:
| Main Author: | |
|---|---|
| Format: | Thesis Book |
| Language: | English |
| Published: |
1996.
|
| Subjects: | |
| Tags: |
Add Tag
No Tags, Be the first to tag this record!
|
| LEADER | 00768cam a2200241 a 4500 | ||
|---|---|---|---|
| 001 | u414931 | ||
| 003 | SIRSI | ||
| 008 | 970819s1996 si v 00 1 eng m | ||
| 035 | |a ACD-7204 | ||
| 040 | |a UMM | ||
| 090 | |a QC173.4 |b M48Ge | ||
| 100 | 1 | 0 | |a Ge, Ping. |
| 245 | 1 | 0 | |a Experimental study on nonlinear optical properties of metal clusters series / |c by Ge Ping. |
| 260 | |c 1996. | ||
| 300 | |a 112 leaves : |b ill. ; |c 31 cm. | ||
| 502 | |a Dissertation (M.Sc.) -- National University of Singapore, 1996. | ||
| 504 | |a Bibliography: leaves 108-112. | ||
| 650 | 0 | |a Microclusters. | |
| 650 | 0 | |a Nonlinear optics. | |
| 650 | 0 | |a Optical materials. | |
| 948 | |a 19/08/1997 |b 25/11/2000 | ||
| 596 | |a 1 | ||
| 999 | |a QC173.4 M48GE |w LC |c 1 |i A506949342 |l STACKS |m P01UTAMA |r Y |s Y |t TESIS |u 23/10/1997 | ||
